Mexico and NAFTA : the real impact
| Main Author: | |
|---|---|
| Format: | Book |
| Published: |
[New York]:
The Journal of Commerce,
1994.
|
| Subjects: |
| LEADER | 00551cam a2200169 7i4500 | ||
|---|---|---|---|
| 001 | 0000002939 | ||
| 005 | 19991025090000.0 | ||
| 002 | ##000004242 | ||
| 020 | 0 | 0 | |a T000003998 |
| 090 | 0 | 0 | |a MEXC |b 382 |b MAN |
| 100 | 1 | 0 | |a Manzella |
| 245 | 1 | 0 | |a Mexico and NAFTA : |b the real impact |c John L.Manzella. |
| 260 | 0 | 0 | |a [New York]: |b The Journal of Commerce, |c 1994. |
| 300 | 0 | 0 | |a 121p. |
| 650 | 0 | 0 | |a Mexico -- |x Commerce -- |z United States |
| 999 | |a 0000007965 |b Book |c Open shelf |e Business Information Centre | ||
| 999 | |a 0000004386 |b Book |c Open shelf |e Business Information Centre | ||